LSD : (Record no. 790)
[ view plain ]
| 000 -LEADER | |
|---|---|
| fixed length control field | 00734cam a2200241 i 4500 |
| 005 - DATE AND TIME OF LATEST TRANSACTION | |
| control field | 20260322212034.0 |
| 008 - FIXED-LENGTH DATA ELEMENTS--GENERAL INFORMATION | |
| fixed length control field | data |
| 010 ## - LIBRARY OF CONGRESS CONTROL NUMBER | |
| LC control number | 72095447 //r902 |
| 020 ## - INTERNATIONAL STANDARD BOOK NUMBER | |
| International Standard Book Number | 0960029036 |
| 020 ## - INTERNATIONAL STANDARD BOOK NUMBER | |
| International Standard Book Number | 9780960029037 |
| 040 ## - CATALOGING SOURCE | |
| Original cataloging agency | DLC |
| Transcribing agency | DLC |
| Modifying agency | YUS |
| 049 ## - LOCAL HOLDINGS (OCLC) | |
| Holding library | YU31 |
| 050 00 - LIBRARY OF CONGRESS CALL NUMBER | |
| Classification number | BF209.L9 |
| Item number | S26 |
| 096 ## - LOCALLY ASSIGNED NLM-TYPE CALL NUMBER (OCLC) | |
| Classification number | WM 270 Sa581 1975 |
| 001 - CONTROL NUMBER | |
| control field | data |
| 100 1# - MAIN ENTRY--PERSONAL NAME | |
| Personal name | Sankar, D. V. Siva, |
| Dates associated with a name | 1927- |
| 245 10 - TITLE STATEMENT | |
| Title | LSD : |
| Remainder of title | a total study / |
| Statement of responsibility, etc. | D. V. Siva Sankar, collaborating authors, Harold Abramson ... [et al.]. |
| 260 ## - PUBLICATION, DISTRIBUTION, ETC. | |
| Place of publication, distribution, etc. | Westbury, N.Y. : |
| Name of publisher, distributor, etc. | PJD Publications, |
| Date of publication, distribution, etc. | [1975] |
| 300 ## - PHYSICAL DESCRIPTION | |
| Extent | 960 p. : |
| Other physical details | ill. ; |
| Dimensions | 24 cm. |
| 504 ## - BIBLIOGRAPHY, ETC. NOTE | |
| Bibliography, etc. note | Includes bibliographical references and indexes. |
| 590 ## - LOCAL NOTE (RLIN) | |
| Local note | Includes bibliographical references and indexes. |
| 650 #0 - SUBJECT ADDED ENTRY--TOPICAL TERM | |
| Topical term or geographic name entry element | LSD (Drug) |
| Withdrawn status | Lost status | Damaged status | Not for loan | Home library | Current library | Shelving location | Date acquired | Total checkouts | Full call number | Barcode | Date last seen | Price effective from | Koha item type |
|---|---|---|---|---|---|---|---|---|---|---|---|---|---|
| Franklin | Franklin | General stacks | 22/03/2026 | BF209.L9 S26 | BC0010813 | 22/03/2026 | 22/03/2026 | Books |